| 000 | 00848nam a2200229Ii 4500 | ||
|---|---|---|---|
| 003 | JO-AjNU | ||
| 008 | 230605s9999||||xx |||||||||||||| ||und|| | ||
| 017 | _a1990/8/571 | ||
| 040 |
_aJO-AjNU _bara _erda _cJO-AjNU |
||
| 041 | _aara | ||
| 050 | 1 | 4 | _aHD5713.6.A65.Z3322.1990 |
| 100 | 3 |
_aزحلان، أنطوان/المنسق سعد الدين ابراهيم, _eauthor _945228 |
|
| 245 | 0 | 0 | _aاحتياجات الوطن العربي المستقبلية من القوى البشرية |
| 250 | _aط1 | ||
| 264 | 3 | 1 | _aعمان:منتدى الفكر العربي،1990 |
| 300 | _a113ص | ||
| 336 |
_atext _btxt _2rdacontent |
||
| 337 |
_aunmediated _bn _2rdamedia |
||
| 338 |
_avolume _bnc _2rdacarrier |
||
| 490 | 0 | _aمشروع مستقبل التعليم في الوطن العربي | |
| 650 | 4 |
_aالقوى العاملة-تخطيط _945229 |
|
| 999 |
_aA19589 _c23157 _d23157 |
||